[Event "Bled op-B"]
[Site "Bled"]
[Date "1995.??.??"]
[Round "7"]
[White "Sevo, Igor"]
[Black "Kovacic, Peter"]
[Result "1-0"]
[WhiteElo "2125"]
[BlackElo "2120"]
[PlyCount "91"]
[EventDate "1995.03.??"]
[EventType "swiss"]
[EventRounds "9"]
[EventCountry "SLO"]
[SourceTitle "EXT 1997"]
[Source "ChessBase"]
[SourceDate "1996.11.15"]
[SourceVersion "1"]
[SourceVersionDate "1996.11.15"]
[SourceQuality "1"]

1. e4 c5 2. Nf3 a6 3. d4 cxd4 4. Nxd4 Nf6 5. Nc3 e5 6. Nf3 Bb4 7. Qd3 d5 8. Bd2 d4 9. Ne2 Bxd2+ 10. Nxd2 0-0 11. g3 Nc6 12. a3 Be6 13. Bg2 Nd7 14. Nc1 Nc5 15. Qe2 b5 16. 0-0 Na4 17. Nd3 Bc4 18. b3 Bxd3 19. cxd3 Nc3 20. Qh5 b4 21. a4 Qe7 22. f4 exf4 23. gxf4 Rac8 24. Bh3 Rc7 25. Rae1 f6 26. Kh1 Qf7 27. Qh4 Ne7 28. Nc4 Ng6 29. Qg3 Rd8 30. Rg1 Re7 31. Rg2 Nf8 32. Reg1 g6 33. Bg4 Rc7 34. h4 Ne6 35. h5 Ng7 36. Rh2 Re7 37. hxg6 hxg6 38. Qh3 Kf8 39. Bf3 Rc7 40. Qh7 g5 41. fxg5 fxg5 42. Bg4 Re7 43. Nd6 Rxd6 44. Qh8+ Qg8 45. Rf1+ Rf7 46. Rxf7+ 1-0